000 02093cam a22004454i 4500
003 PE-LiUPU
005 20250731165433.0
008 160301s1994 pe grm 000 0 spa d
035 _a(Sirsi) a156346
040 _aPE-LiUPU
_bspa
_cPE-LiUPU
_erda
099 _aTE 2
_bU85 1994
100 1 _aUrrutia Santillán, Rebeca
_eautor
245 1 _aTemas de lectura de interés y necesidad de los niños de 5to. y 6to. grado de educación primaria en las Escuelas Adventistas de Lima /
_LRebeca Urrutia Santillán.
264 0 _c1994.
300 _a132 hojas
_c30 cm
336 _atext
_2rdacontent
337 _aunmediated
_2rdamedia
338 _avolume
_2rdacarrier
502 _aTesis
_b(Lic.) --
_cUniversidad Peruana Unión,
_d1994.
504 _aIncluye referencias
520 3 _aLa distinguida educadora Elena G. de White escribe: ". en la educación de los niños y jóvenes, los cuentos de fantasía, los mitos y las novelas de ficción ocupan un lugar muy grande (.), las ideas presentadas en estos libros extravían a los niños, les dan falsas ideas de la vida, y fomentan en ellos el deseo de lo que es vano e ilusorio". Este pensamiento nos pone en el campo de la reflexión al tratar los temas que ocupan la lectura de los niños y adolescentes más aun si se trata de examinar los tales en el proceso de su formación educativa en las aulas. El problema fundamental radica en que las lecturas con temas falsos, ficticios o inadecuados para su edad crean en ellos patrones culturales y de vida discordantes con la realidad social.
526 _aSEG44
526 _aSEG26
526 _aP151
526 _aP150
526 _aP149
526 _aP146
526 _aP145
526 _aP126
526 _aP125
526 _aP92
526 _aP75
526 _aP74
526 _aP27
526 _aP15
650 0 4 _aEstudiantes de primaria
_xLectura.
596 _a1
942 _2ddc
_cTESIS
999 _aTE 2 U85 1994
_wALPHANUM
_c9028
_iT00210
_lCCODEBUL3
_mBUL
_r1
_sY
_tTESIS
_u2016-3-1
_xEDUCACION
_PP20
_o.STAFF. Tesis
_d9028
980 _81
_gALBERTO SANCHEZ Responsable de Automatización